000 01360nam a2200289Ia 4500
003 OSt
005 20200709144250.0
008 191128s2016 ck ad gr 000 0dspa d
020 _a9789584679284
040 _aCO-JMCR
_cCO-JMCR
041 0 _aspa
082 0 4 _a330.986 /
_bC718c
_223
100 1 _ade la Cruz, Rafael,
_eeditor
_96929
245 1 0 _aColombia :
_bhacia un país de altos ingresos con movilidad social /
_ceditores, Rafael de la Cruz, Leandro Gastón Andrián, Mario Loterszpil ; prólogo, Luis Alberto Moreno
260 _aBogotá :
_bBanco Interamericano de Desarrollo,
_c2016.
300 _a160 páginas :
_bgráficos a color ;
_c23 cm.
490 0 _aMonografías del BID ;
_v387
500 _aBibliografía: páginas 141-158.
505 0 _aResumn ejecutivo -- Contexto del país -- Colombia: retos y desafíos -- La visión estratégica: Colombia - hacia un país de altos ingresos, con movilidad social -- La propuesta estratégica: objetivos y áreas de política -- El desafío de la productividad
650 1 4 _aEconomía
_xColombia
_96930
650 2 4 _aDesarrollo económico
_xColombia
_96931
700 1 _aCruz, Rafael de la,
_eeditor
_96932
700 1 _aGastón Andrián, Leandro,
_eeditor
_96933
700 1 _aLoterszpil, Mario,
_eeditor
_96934
700 1 _aMoreno, Luis Alberto,
_eprologuista
_96935
942 _2ddc
_cBK
999 _c3408
_d3408